Kinship and friendship in modern Britain

Αποθηκεύτηκε σε:
Λεπτομέρειες βιβλιογραφικής εγγραφής
Κύριος συγγραφέας: Allan, Graham A.
Μορφή: Βιβλίο
Γλώσσα:English
Δημοσίευση: New York : Oxford University Press, c1996
Σειρά:Oxford modern Britain
Θέματα:
Ετικέτες: Προσθήκη ετικέτας
Δεν υπάρχουν, Καταχωρήστε ετικέτα πρώτοι!

MARC

LEADER 00000nam a2200000 i 4500
001 1/72809
008 990316s1996 eng d
020 |a 0-19-878125-3 
035 |l 10048634 
040 |a GR-MY-UA  |b gre  |e aacr 
041 0 |a eng 
082 0 |a 306.850941 
100 1 |a Allan, Graham A. 
245 1 0 |a Kinship and friendship in modern Britain /  |c Graham Allan 
260 |a New York :   |b Oxford University Press,   |c c1996 
300 |a 143 p.  |b fig.; tables 
490 1 |a Oxford modern Britain 
504 |a Includes bibliographical references and index 
650 0 0 |a Family  |z Great Britain. 
650 0 0 |a Kinship  |z Great Britain. 
650 0 0 |a Friendship  |z Great Britain. 
830 0 |a Oxford modern Britain 
852 |a INST  |b LESVOS  |e 19990316  |h 306.850941 GRA  |p 005100016775  |q 005100016775  |t BK  |y 0 
901 |a BIBL-1999-1 
909 |a Λ  |b 061377 
922 |a 1ΕΛΗ  |b 199811  |c ΚΠΣ/ΤΚ  |d ΠΑΠΑΣΩΤΗΡΙΟΥ 
950 |a 103-1998-07-27